000 00632nam a22002297a 4500
003 UA-OsUOA
001 41036
007 ta
008 20060913b un ||||| |||| 00| 0 ukr d
100 _aГарби Т.
090 _a821.111
_bГ20
942 _cBK
040 _aUA-OsUOA
_bukr
_cUA-OsUOA
_dUA-OsUOA
245 _aВозвращение на родину
_bРоман
300 _a415 с.
955 _a2
041 _aukr
080 _a821.111
260 _aМ.
_bХудожественная литература
_c1970
650 7 _a82 Література. Літературознавство
_2UDC
999 _c327176
_d327176